[Event "Wch Seniors 21st"]
[Site "Rijeka"]
[Date "2011.11.15"]
[Round "1"]
[White "Capece, Adolivio"]
[Black "Klundt, Klaus"]
[Result "0-1"]
[WhiteElo "2043"]
[BlackElo "2383"]
[PlyCount "140"]
[EventDate "2011.11.15"]
[EventType "swiss"]
[EventRounds "11"]
[EventCountry "CRO"]
[SourceTitle "CBM 145 Extra"]
[Source "ChessBase"]
[SourceDate "2012.01.03"]
[SourceVersion "1"]
[SourceVersionDate "2012.01.03"]
[SourceQuality "1"]

1. Nf3 d5 2. g3 Nf6 3. Bg2 c6 4. d4 Bf5 5. Nbd2 e6 6. Ne5 Nbd7 7. Ndf3 Be7 8. c3 0-0 9. Bf4 Nxe5 10. Nxe5 Nd7 11. Nxd7 Qxd7 12. f3 c5 13. g4 Bg6 14. h4 h5 15. e3 Bd6 16. Bxd6 Qxd6 17. f4 Qb6 18. Qd2 hxg4 19. h5 Bf5 20. Kf2 f6 21. Bf1 cxd4 22. exd4 e5 23. Bg2 Rad8 24. h6 exd4 25. cxd4 Rfe8 26. hxg7 Kxg7 27. Rhe1 Be4 28. Rh1 Rc8 29. Bxe4 Rxe4 30. Kg3 Qxd4 31. Qxd4 Rxd4 32. Kxg4 Rcc4 33. Raf1 Kg6 34. Rh8 f5+ 35. Kg3 Rd3+ 36. Rf3 Rxf3+ 37. Kxf3 Rc2 38. Rg8+ Kf7 39. Rd8 Rxb2 40. Rxd5 Ke6 41. Re5+ Kf6 42. Ra5 a6 43. Ra4 Ke6 44. Ra5 Rh2 45. Re5+ Kf6 46. Ra5 Rh3+ 47. Kg2 Rc3 48. Kf2 Rc6 49. Kf3 b5 50. Ke3 Ke6 51. Ra3 Kd5 52. Rd3+ Kc4 53. Rd4+ Kc5 54. Rd8 Re6+ 55. Kf3 Rd6 56. Re8 a5 57. Kg3 b4 58. Kh4 a4 59. Kg5 Rd5 60. Rc8+ Kb5 61. Rb8+ Kc4 62. Ra8 a3 63. Rc8+ Rc5 64. Rb8 Kc3 65. Rb7 Rc4 66. Kxf5 Kb2 67. Ke5 Kxa2 68. f5 b3 69. f6 b2 70. f7 Rc8 0-1

[Event "EU-ch Seniors rap 11th"]
[Site "Ravenna"]
[Date "2011.04.04"]
[Round "1"]
[White "Capece, Adolivio"]
[Black "Butnorius, Algimantas"]
[Result "0-1"]
[WhiteElo "2049"]
[BlackElo "2388"]
[PlyCount "64"]
[EventDate "2011.04.04"]
[EventType "swiss (rapid)"]
[EventRounds "9"]
[EventCountry "ITA"]
[SourceTitle "CBM 141 Extra"]
[Source "ChessBase"]
[SourceDate "2011.05.03"]
[SourceVersion "1"]
[SourceVersionDate "2011.05.03"]
[SourceQuality "1"]

1. c4 Nf6 2. Nc3 c5 3. g3 e6 4. Bg2 d5 5. b3 d4 6. Ne4 Nc6 7. d3 Be7 8. Bf4 e5 9. Bd2 0-0 10. h4 Bf5 11. Bg5 Nxe4 12. dxe4 Be6 13. f4 Qa5+ 14. Qd2 Qxd2+ 15. Kxd2 f6 16. f5 Bf7 17. Nf3 fxg5 18. hxg5 g6 19. f6 Bd8 20. Rh2 Ba5+ 21. Kc2 d3+ 22. Kb2 dxe2 23. Rah1 h5 24. Bh3 Rad8 25. Rxe2 Rd3 26. Bg2 Be6 27. Nh4 Kf7 28. Nf3 Kg8 29. Nh4 Kf7 30. Nf5 gxf5 31. exf5 Bxf5 32. Bd5+ Kg6 0-1

[Event "Bratto op-A 27th"]
[Site "Bratto"]
[Date "2007.08.29"]
[Round "7"]
[White "Bracaglia, Carlo"]
[Black "Capece, Adolivio"]
[Result "1/2-1/2"]
[WhiteElo "2134"]
[BlackElo "2049"]
[PlyCount "50"]
[EventDate "2007.08.23"]
[EventType "swiss"]
[EventRounds "9"]
[EventCountry "ITA"]
[SourceTitle "CBM 120 Extra"]
[Source "ChessBase"]
[SourceDate "2007.11.01"]
[SourceVersion "1"]
[SourceVersionDate "2007.11.01"]
[SourceQuality "1"]

1. e4 c5 2. Nf3 Nc6 3. Bb5 g6 4. 0-0 Bg7 5. c3 a6 6. Ba4 b5 7. Bc2 e5 8. a4 Bb7 9. axb5 axb5 10. Rxa8 Bxa8 11. Na3 Qb8 12. d3 d6 13. Be3 Nf6 14. h3 0-0 15. Qc1 Rc8 16. Bh6 Na5 17. Bxg7 Kxg7 18. Nh4 h6 19. f4 b4 20. Nb1 b3 21. Bd1 c4 22. Qe3 cxd3 23. fxe5 dxe5 24. Qf2 Qd6 25. Nd2 Qc5 1/2-1/2

[Event "Bratto op-A 27th"]
[Site "Bratto"]
[Date "2007.08.24"]
[Round "2"]
[White "Cordara, Michele"]
[Black "Capece, Adolivio"]
[Result "1/2-1/2"]
[WhiteElo "2151"]
[BlackElo "2049"]
[PlyCount "31"]
[EventDate "2007.08.23"]
[EventType "swiss"]
[EventRounds "9"]
[EventCountry "ITA"]
[SourceTitle "CBM 120 Extra"]
[Source "ChessBase"]
[SourceDate "2007.11.01"]
[SourceVersion "1"]
[SourceVersionDate "2007.11.01"]
[SourceQuality "1"]

1. Nf3 c5 2. c4 Nc6 3. Nc3 g6 4. g3 Bg7 5. Bg2 d6 6. 0-0 Bg4 7. h3 Bd7 8. e3 Qc8 9. Kh2 h5 10. d4 h4 11. g4 Nf6 12. Ng5 cxd4 13. exd4 Nxd4 14. Qxd4 Nxg4+ 15. Qxg4 Bxg4 16. hxg4 1/2-1/2

[Event "Bratto Martesana op"]
[Site "Bratto"]
[Date "2006.11.12"]
[Round "3"]
[White "Capece, Adolivio"]
[Black "Zoldan, Matteo"]
[Result "1/2-1/2"]
[WhiteElo "2050"]
[BlackElo "2103"]
[PlyCount "32"]
[EventDate "2006.11.11"]
[EventType "swiss"]
[EventRounds "6"]
[EventCountry "ITA"]
[SourceTitle "EXT 2008"]
[Source "ChessBase"]
[SourceDate "2007.11.25"]
[SourceVersion "1"]
[SourceVersionDate "2007.11.25"]
[SourceQuality "1"]

1. Nf3 d6 2. e4 c5 3. Nc3 Nf6 4. g3 g6 5. Bg2 Bg7 6. d3 Nc6 7. Bg5 Rb8 8. a4 a6 9. 0-0 h6 10. Bd2 0-0 11. Ne1 b5 12. axb5 axb5 13. Ne2 b4 14. f4 Nd7 15. Qc1 Kh7 16. Nf3 Bb7 1/2-1/2

[Event "Bratto Martesana op"]
[Site "Bratto"]
[Date "2006.11.11"]
[Round "1"]
[White "Cazzaniga, Walter"]
[Black "Capece, Adolivio"]
[Result "1-0"]
[WhiteElo "2159"]
[BlackElo "2050"]
[PlyCount "66"]
[EventDate "2006.11.11"]
[EventType "swiss"]
[EventRounds "6"]
[EventCountry "ITA"]
[SourceTitle "EXT 2008"]
[Source "ChessBase"]
[SourceDate "2007.11.25"]
[SourceVersion "1"]
[SourceVersionDate "2007.11.25"]
[SourceQuality "1"]

1. d4 Nf6 2. c4 c5 3. d5 b5 4. cxb5 e6 5. Nc3 exd5 6. Nxd5 Bb7 7. Nxf6+ Qxf6 8. Nf3 d5 9. g3 Nd7 10. Bh3 Ne5 11. Nxe5 Qxe5 12. 0-0 Be7 13. Bg2 0-0 14. a4 Rad8 15. a5 Rfe8 16. Bf4 Qxb2 17. Rb1 Qa2 18. Bc7 Rd7 19. Ra1 Qb2 20. b6 axb6 21. axb6 Bf6 22. Qa4 Rde7 23. Ra2 Qb4 24. Qa7 Bc6 25. Bf3 g6 26. Qa5 Qc4 27. Rb1 Bb7 28. Qd2 Kg7 29. Rc2 Qd4 30. Qa5 c4 31. Qb5 Ra8 32. Bd6 Ree8 33. Bc5 Qe5 1-0

[Event "Bratto op 26th"]
[Site "Bratto"]
[Date "2006.08.25"]
[Round "7"]
[White "Capece, Adolivio"]
[Black "Vivo, Mario"]
[Result "1/2-1/2"]
[WhiteElo "2041"]
[BlackElo "2165"]
[PlyCount "40"]
[EventDate "2006.08.19"]
[EventType "swiss"]
[EventRounds "9"]
[EventCountry "ITA"]
[SourceTitle "CBM 113 Extra"]
[Source "ChessBase"]
[SourceDate "2006.09.14"]
[SourceVersion "1"]
[SourceVersionDate "2006.09.14"]
[SourceQuality "1"]

1. Nf3 Nf6 2. c4 g6 3. g3 Bg7 4. Bg2 0-0 5. Nc3 d6 6. d3 e5 7. Bg5 h6 8. Bd2 Nbd7 9. Qc1 Kh7 10. h4 c6 11. Ng5+ Kg8 12. Nge4 Ng4 13. Bf3 Ngf6 14. Bxh6 d5 15. Bxg7 Kxg7 16. Nxf6 Nxf6 17. cxd5 cxd5 18. e4 d4 19. Ne2 Be6 20. Qd2 Rc8 1/2-1/2

[Event "Bratto op 26th"]
[Site "Bratto"]
[Date "2006.08.23"]
[Round "5"]
[White "Capece, Adolivio"]
[Black "Napoli, Nicolo"]
[Result "0-1"]
[WhiteElo "2041"]
[BlackElo "2216"]
[PlyCount "60"]
[EventDate "2006.08.19"]
[EventType "swiss"]
[EventRounds "9"]
[EventCountry "ITA"]
[SourceTitle "CBM 113 Extra"]
[Source "ChessBase"]
[SourceDate "2006.09.14"]
[SourceVersion "1"]
[SourceVersionDate "2006.09.14"]
[SourceQuality "1"]

1. e4 g6 2. d4 Bg7 3. Nf3 d6 4. Be3 a6 5. Qd2 b5 6. a4 bxa4 7. Rxa4 Nf6 8. Nc3 0-0 9. Bh6 Bd7 10. Bxg7 Kxg7 11. Ra3 Bg4 12. Be2 Nc6 13. 0-0 Qb8 14. Rb3 Qa7 15. Ra1 Bxf3 16. Bxf3 Nxd4 17. Rba3 Nxf3+ 18. gxf3 Qb7 19. b3 e5 20. Qd3 Nd7 21. Qd5 Qc8 22. Qc6 Nc5 23. b4 Ne6 24. Ne2 Rb8 25. Qc4 Qd8 26. Rxa6 Qg5+ 27. Kf1 Qh5 28. R6a3 Qxh2 29. Ke1 h5 30. Rb3 Qh1+ 0-1

[Event "Bratto op 26th"]
[Site "Bratto"]
[Date "2006.08.22"]
[Round "4"]
[White "Piantoni, Roberto"]
[Black "Capece, Adolivio"]
[Result "1/2-1/2"]
[WhiteElo "2160"]
[BlackElo "2041"]
[PlyCount "47"]
[EventDate "2006.08.19"]
[EventType "swiss"]
[EventRounds "9"]
[EventCountry "ITA"]
[SourceTitle "CBM 113 Extra"]
[Source "ChessBase"]
[SourceDate "2006.09.14"]
[SourceVersion "1"]
[SourceVersionDate "2006.09.14"]
[SourceQuality "1"]

1. d4 Nf6 2. Nf3 g6 3. Bf4 Bg7 4. e3 d6 5. h3 c6 6. Nbd2 Nbd7 7. Be2 0-0 8. 0-0 Nb6 9. Bh2 Bd7 10. c3 Rc8 11. Re1 c5 12. a4 cxd4 13. Nxd4 a6 14. a5 Nbd5 15. Qb3 e5 16. Nc2 Bc6 17. Qa3 Qc7 18. Rad1 Rfd8 19. Qa2 Rb8 20. Nf3 Ne7 21. Bc4 Be8 22. Bf1 Nc6 23. Ra1 Bd7 24. Bc4 1/2-1/2

[Event "Bratto op 24th"]
[Site "Bratto"]
[Date "2004.08.27"]
[Round "8"]
[White "Valenti, Giuseppe"]
[Black "Capece, Adolivio"]
[Result "1-0"]
[WhiteElo "2288"]
[BlackElo "2061"]
[PlyCount "49"]
[EventDate "2004.08.20"]
[EventType "swiss"]
[EventRounds "9"]
[EventCountry "ITA"]
[SourceTitle "CBM 101 Extra"]
[Source "ChessBase"]
[SourceDate "2004.09.01"]
[SourceVersion "2"]
[SourceVersionDate "2004.09.01"]
[SourceQuality "1"]

1. e4 c6 2. d4 d6 3. Nf3 Nf6 4. Nc3 g6 5. Be2 Bg7 6. 0-0 0-0 7. h3 b5 8. e5 Ne8 9. Ne4 d5 10. Nc5 Na6 11. Nxa6 Bxa6 12. a4 Nc7 13. Bd2 Bb7 14. Ba5 a6 15. Nd2 Qb8 16. Nb3 Ne6 17. Bg4 Bc8 18. Bb4 bxa4 19. Rxa4 Qb5 20. Qa1 Re8 21. Qa3 Nf4 22. Ra5 Qb8 23. Bf3 f6 24. exf6 exf6 25. Bd6 1-0

[Event "Bratto op 24th"]
[Site "Bratto"]
[Date "2004.08.21"]
[Round "2"]
[White "Rosin, Federico"]
[Black "Capece, Adolivio"]
[Result "1-0"]
[WhiteElo "2124"]
[BlackElo "2061"]
[PlyCount "61"]
[EventDate "2004.08.20"]
[EventType "swiss"]
[EventRounds "9"]
[EventCountry "ITA"]
[SourceTitle "CBM 101 Extra"]
[Source "ChessBase"]
[SourceDate "2004.09.01"]
[SourceVersion "2"]
[SourceVersionDate "2004.09.01"]
[SourceQuality "1"]

1. e4 d6 2. d4 Nf6 3. Nc3 c6 4. f4 g6 5. Nf3 Bg7 6. Bd3 Qb6 7. e5 Nd5 8. Nxd5 cxd5 9. c3 Bg4 10. h3 Bd7 11. Qe2 e6 12. 0-0 Nc6 13. Be3 dxe5 14. fxe5 Ne7 15. Bg5 h6 16. Bf6 Bxf6 17. exf6 Nf5 18. Kh2 0-0-0 19. Ne5 Be8 20. a4 h5 21. a5 Qc7 22. Rfc1 Kb8 23. b4 Rc8 24. b5 Qd8 25. b6 Qxf6 26. a6 bxa6 27. Bxa6 Nxd4 28. bxa7+ Ka8 29. Bb7+ Kxb7 30. Qa6+ Ka8 31. Qxc8# 1-0

[Event "Bratto op 22nd"]
[Site "Bratto"]
[Date "2002.08.27"]
[Round "8"]
[White "Capece, Adolivio"]
[Black "Bellincampi, Stefano"]
[Result "1-0"]
[WhiteElo "2067"]
[BlackElo "2082"]
[PlyCount "81"]
[EventDate "2002.08.20"]
[EventType "swiss"]
[EventRounds "9"]
[EventCountry "ITA"]
[SourceTitle "EXT 2003"]
[Source "ChessBase"]
[SourceDate "2002.11.25"]
[SourceVersion "1"]
[SourceVersionDate "2002.11.25"]
[SourceQuality "1"]

1. c4 e6 2. g3 Nf6 3. Bg2 d5 4. Nc3 Be7 5. d4 0-0 6. Nf3 c6 7. 0-0 Nbd7 8. cxd5 exd5 9. Bf4 Re8 10. Rc1 Nf8 11. Qc2 Ng6 12. Bg5 h6 13. Bxf6 Bxf6 14. Rcd1 Be6 15. e4 dxe4 16. Nxe4 Bd5 17. Rfe1 Be7 18. Nc3 Be6 19. Rxe6 fxe6 20. Qxg6 Bb4 21. Ne5 Qf6 22. Qxf6 gxf6 23. Nxc6 Bxc3 24. bxc3 Rac8 25. Nxa7 Rxc3 26. Nb5 Rc2 27. Nd6 Ra8 28. Nxb7 Raxa2 29. Rf1 Rd2 30. Nd8 Ra6 31. Nxe6 Kf7 32. d5 Ke7 33. Nf4 Rda2 34. Re1+ Kf7 35. Bh3 Ra1 36. Be6+ Ke7 37. Rxa1 Rxa1+ 38. Kg2 Ra3 39. Nh5 Rd3 40. Ng7 Kd8 41. Nf5 1-0

[Event "ITA-ch sf"]
[Site "Arvier"]
[Date "2002.06.25"]
[Round "4"]
[White "Astengo, Corrado"]
[Black "Capece, Adolivio"]
[Result "1/2-1/2"]
[WhiteElo "2180"]
[BlackElo "2067"]
[PlyCount "48"]
[EventDate "2002.06.22"]
[EventType "swiss"]
[EventRounds "9"]
[EventCountry "ITA"]
[SourceTitle "CBM 089 Extra"]
[Source "ChessBase"]
[SourceDate "2002.09.10"]
[SourceVersion "2"]
[SourceVersionDate "2002.09.10"]
[SourceQuality "1"]

1. e4 d6 2. d4 Nf6 3. Nc3 c6 4. a4 g6 5. g3 Bg7 6. Bg2 Na6 7. h3 Nb4 8. a5 0-0 9. Nge2 e5 10. 0-0 Be6 11. Be3 Qc8 12. Kh2 Rd8 13. f4 exd4 14. Bxd4 c5 15. Bg1 d5 16. e5 d4 17. exf6 dxc3 18. Qc1 Bxf6 19. Nxc3 Bd4 20. Ne4 f5 21. Ng5 Bd5 22. Rd1 Bxg2 23. Kxg2 Qc6+ 24. Nf3 Bxg1 1/2-1/2

[Event "Bratto op 21st"]
[Site "Bratto"]
[Date "2001.08.28"]
[Round "7"]
[White "Radice, Luca"]
[Black "Capece, Adolivio"]
[Result "1-0"]
[WhiteElo "2042"]
[BlackElo "2073"]
[PlyCount "63"]
[EventDate "2001.08.22"]
[EventType "swiss"]
[EventRounds "9"]
[EventCountry "ITA"]
[SourceTitle "EXT 2002"]
[Source "ChessBase"]
[SourceDate "2001.11.25"]
[SourceVersion "1"]
[SourceVersionDate "2001.11.25"]
[SourceQuality "1"]

1. d4 Nf6 2. c4 c5 3. d5 b5 4. Qc2 b4 5. e4 d6 6. Nf3 g6 7. h3 Bg7 8. Bd3 0-0 9. 0-0 a5 10. a4 Na6 11. Bf4 Rb8 12. e5 Ne8 13. b3 Rb6 14. Nbd2 Bd7 15. Rad1 dxe5 16. Nxe5 Nd6 17. Nxd7 Qxd7 18. Nf3 f6 19. Rfe1 Nc7 20. Be3 Na6 21. Re2 Nf7 22. Rde1 e5 23. dxe6 Rxe6 24. Be4 Rfe8 25. Bd5 R6e7 26. Rd2 Qc7 27. Red1 Nb8 28. Rd3 Kf8 29. Qd2 Ne5 30. Nxe5 fxe5 31. Bg5 Rd7 32. Rf3+ 1-0

[Event "ITA-ch sf 61st"]
[Site "Limone Piemonte"]
[Date "2001.06.30"]
[Round "7"]
[White "Laco, Giuseppe"]
[Black "Capece, Adolivio"]
[Result "1-0"]
[WhiteElo "2183"]
[BlackElo "2075"]
[PlyCount "85"]
[EventDate "2001.06.24"]
[EventType "swiss"]
[EventRounds "8"]
[EventCountry "ITA"]
[SourceTitle "EXT 2002"]
[Source "ChessBase"]
[SourceDate "2001.11.25"]
[SourceVersion "1"]
[SourceVersionDate "2001.11.25"]
[SourceQuality "1"]

1. c4 c5 2. Nc3 Nc6 3. f4 Nf6 4. e4 d6 5. h3 g6 6. d3 Bg7 7. Be3 a6 8. Nge2 Qa5 9. a4 Bd7 10. g4 e5 11. Bg2 h5 12. fxe5 dxe5 13. g5 Ng8 14. 0-0 Nge7 15. Nd5 Nxd5 16. cxd5 Nd4 17. Nxd4 cxd4 18. Bd2 Qb6 19. b4 0-0 20. Qb3 Qd8 21. Rab1 b5 22. a5 Qe7 23. Rb2 Rac8 24. Kh2 Qd6 25. Qd1 Rfd8 26. Bf3 Rc7 27. Qe1 Rdc8 28. Bd1 Be8 29. Qg3 Rc3 30. Rf2 Ra3 31. Bxh5 Rcc3 32. Be2 Rc7 33. h4 Rac3 34. Bd1 Rc8 35. Bxc3 dxc3 36. Rb3 Qc7 37. Rc2 Qd6 38. Bg4 Rc7 39. Rcxc3 Rxc3 40. Rxc3 Qxb4 41. Rc8 Qd2+ 42. Kh3 Kf8 43. d6 1-0

[Event "ITA-ch sf 61st"]
[Site "Limone Piemonte"]
[Date "2001.06.25"]
[Round "2"]
[White "Capece, Adolivio"]
[Black "Martorelli, Antonio"]
[Result "0-1"]
[WhiteElo "2075"]
[BlackElo "2295"]
[PlyCount "132"]
[EventDate "2001.06.24"]
[EventType "swiss"]
[EventRounds "8"]
[EventCountry "ITA"]
[SourceTitle "EXT 2002"]
[Source "ChessBase"]
[SourceDate "2001.11.25"]
[SourceVersion "1"]
[SourceVersionDate "2001.11.25"]
[SourceQuality "1"]

1. c4 c6 2. g3 d5 3. cxd5 cxd5 4. Nf3 Nc6 5. d4 Bg4 6. Bg2 e6 7. 0-0 h5 8. Ne5 Nxe5 9. dxe5 Ne7 10. Nc3 Nc6 11. h3 Bf5 12. Qa4 Qa5 13. Qxa5 Nxa5 14. e4 dxe4 15. Nxe4 Nc6 16. Bf4 Be7 17. Rfd1 Rd8 18. Rxd8+ Kxd8 19. Ng5 Ke8 20. Nf3 Be4 21. Nd2 Bxg2 22. Kxg2 Nb4 23. Nc4 Kd7 24. Rd1+ Kc7 25. a3 Nd5 26. Rc1 Kb8 27. Bd2 Rd8 28. Bc3 Rc8 29. Nd6 Bxd6 30. exd6 Nxc3 31. bxc3 Rc6 32. g4 hxg4 33. hxg4 Rxd6 34. Kg3 Kc7 35. Kf4 Rd2 36. Ke3 Ra2 37. Rh1 Kd6 38. Rh7 Rxa3 39. Kd3 Ke5 40. Rxg7 Kf6 41. Rg8 b5 42. Rb8 a6 43. Rb7 Ra4 44. f3 Kg6 45. Rd7 Ra1 46. Rb7 Rd1+ 47. Ke3 Rd6 48. Ke4 Rc6 49. Kd3 f6 50. f4 Rc4 51. Rb6 Rxf4 52. Rxa6 e5 53. Rb6 Rxg4 54. Rxb5 Kf5 55. c4 Rg3+ 56. Kd2 Ke4 57. Rb6 f5 58. Rd6 Ra3 59. c5 Ra5 60. c6 Rc5 61. Ke1 f4 62. Kf1 Ke3 63. Kg1 f3 64. Rf6 Rc2 65. Kh1 e4 66. Kg1 Kd4 0-1

[Event "Genova op 3th"]
[Site "Genova"]
[Date "1999.??.??"]
[Round "4"]
[White "Capece, Adolivio"]
[Black "Hamdouchi, Adina Maria"]
[Result "1/2-1/2"]
[WhiteElo "2050"]
[BlackElo "2210"]
[PlyCount "21"]
[EventDate "1999.??.??"]
[EventType "swiss"]
[EventRounds "11"]
[EventCountry "ITA"]
[SourceTitle "EXT 2000"]
[Source "ChessBase"]
[SourceDate "1999.11.16"]
[SourceVersion "1"]
[SourceVersionDate "1999.11.16"]
[SourceQuality "1"]

1. c4 g6 2. Nc3 Bg7 3. g3 d6 4. Bg2 e5 5. d3 Nf6 6. Bg5 h6 7. Bd2 0-0 8. Qc1 Kh7 9. h4 Nc6 10. Nd5 Ne7 11. Nxf6+ 1/2-1/2

[Event "Bratto op 19th"]
[Site "Bratto"]
[Date "1999.??.??"]
[Round "2"]
[White "Quinn, Mark"]
[Black "Capece, Adolivio"]
[Result "1-0"]
[WhiteElo "2346"]
[BlackElo "2051"]
[PlyCount "47"]
[EventDate "1999.??.??"]
[EventType "swiss"]
[EventRounds "9"]
[EventCountry "ITA"]
[SourceTitle "EXT 2000"]
[Source "ChessBase"]
[SourceDate "1999.11.16"]
[SourceVersion "1"]
[SourceVersionDate "1999.11.16"]
[SourceQuality "1"]

1. Nf3 c5 2. c4 Nc6 3. Nc3 g6 4. g3 Bg7 5. Bg2 d6 6. 0-0 Bg4 7. h3 Bd7 8. e3 Qc8 9. Kh2 h5 10. d4 Nf6 11. d5 Nb4 12. e4 h4 13. Nxh4 Nh5 14. a3 Na6 15. Be3 Bf6 16. Qd2 Bxh4 17. gxh4 Nf6 18. Bg5 Nc7 19. e5 dxe5 20. d6 Ne6 21. dxe7 Nf4 22. Bxf6 Nxg2 23. Ne4 Nxh4 24. Nd6# 1-0